|
|
|
|
| LEADER |
00000nam0a2200000 4500 |
| 001 |
371497 |
| 005 |
20231102012402.0 |
| 035 |
|
|
|a (RuTPU)RU\TPU\retro\28907
|
| 035 |
|
|
|a RU\TPU\retro\28902
|
| 090 |
|
|
|a 371497
|
| 100 |
|
|
|a 20221024d1975 km y0rusy50 ca
|
| 101 |
0 |
|
|a rus
|
| 102 |
|
|
|a RU
|
| 105 |
|
|
|a a z 001zy
|
| 200 |
1 |
|
|a Вопросы миграции нефти и газа
|f Всесоюзный нефтяной научно-исследовательский геологоразведочный институт ; под ред. Г. А. Амосова
|
| 210 |
|
|
|a Ленинград
|c Изд-во ВНИГРИ
|d 1975
|
| 215 |
|
|
|a 179 с.
|c ил., карты
|
| 225 |
1 |
|
|a Труды Всесоюзного нефтяного научно-исследовательского геологоразведочного института (ВНИГРИ)
|v Вып. 370
|
| 320 |
|
|
|a Библиогр. в конце ст.
|
| 606 |
1 |
|
|a Нефтегазопромысловая геохимия
|2 stltpush
|3 (RuTPU)RU\TPU\subj\45633
|9 64826
|
| 606 |
1 |
|
|a Нефтегазовые месторождения
|x Геология
|2 stltpush
|3 (RuTPU)RU\TPU\subj\68603
|9 83810
|
| 610 |
1 |
|
|a миграционные процессы
|
| 610 |
1 |
|
|a хлороформные экстракты
|
| 610 |
1 |
|
|a твердые углеводороды
|
| 610 |
1 |
|
|a Сибирская платформа
|
| 610 |
1 |
|
|a битумы
|
| 610 |
1 |
|
|a минеральный состав
|
| 610 |
1 |
|
|a компоненты
|
| 610 |
1 |
|
|a месторождения углеводородов
|
| 675 |
|
|
|a 553.98
|v 3
|
| 675 |
|
|
|a 622.276.03
|v 3
|
| 702 |
|
1 |
|a Амосов
|b Г. А.
|4 340
|
| 712 |
0 |
2 |
|a Всесоюзный нефтяной научно-исследовательский геологоразведочный институт
|c (Ленинград)
|c (1945-1991)
|2 stltpush
|3 (RuTPU)RU\TPU\col\7662
|9 24357
|
| 801 |
|
1 |
|a RU
|b 63413507
|c 20200715
|
| 801 |
|
2 |
|a RU
|b 63413507
|c 20221024
|g RCR
|
| 942 |
|
|
|c BK
|